| 000 | 01160nam a22002417a 4500 | ||
|---|---|---|---|
| 003 | OSt | ||
| 005 | 20260512112153.0 | ||
| 008 | 260512b |||||||| |||| 00| 0 eng d | ||
| 020 | _a9781292142166 | ||
| 040 | _aKenya National Library Service | ||
| 082 | _a658.4092 ZUG | ||
| 100 |
_aZugaro, Emilio Galli _eauthor |
||
| 245 |
_aThe Listening leader : _bhow to drive performance by using communicative leadership / _cEmilio Galli Zugaro with Clementina Galli Zugaro |
||
| 300 |
_axii, 238 pages : _billustrations ; _c24 cm. |
||
| 504 | _aIncludes index | ||
| 520 | _aDISCOVER THE ART OF COMMUNICATIVE LEADERSHIP: HOW TO REALLY LISTEN SO YOU CAN WIN AND HOLD THE TRUST OF YOUR STAKEHOLDERS. Leaders often say ' I communicate' when, in fact, they mean ' I tell '. Yet being able to really listen is the key to growth and results. The Listening Leader provides a clear framework for taking action to implement a communicative leadership style. | ||
| 650 | _aLeadership | ||
| 650 | _aCommunication in management | ||
| 650 | _aOrganizational behavior | ||
| 942 |
_2ddc _cBK _n0 |
||
| 999 |
_c492708 _d492708 |
||